000 00201 a2200097 4500
001 29119
100 _aSmith W C
245 _aModern Islam in India
260 _a
_bM Ashraf
_c
090 _c19447
_d19447
942 _aNUST-CAE
_cM
_c10499
999 _c264192
_d264192